| 000 | 00465nam a2200181Ia 4500 | ||
|---|---|---|---|
| 008 | 240925s9999 xx 000 0 und d | ||
| 020 | _a63636298 | ||
| 082 | _a624.171 KEN | ||
| 100 | _aKennedy ,John B. | ||
| 245 | 0 | _aElastic Analysis of Structures | |
| 250 | _a1st | ||
| 260 |
_aLondon: _bHamish Hamiltion _c,1990. |
||
| 300 |
_axiv,351p. _bNA _fOriginal |
||
| 500 | _aIncludes Index | ||
| 600 | _aElectronic Engineering | ||
| 650 | _aTechnology | ||
| 942 | _cBK | ||
| 999 |
_c3766 _d3766 |
||